عرض عادي عرض مارك
  • Guillaume, Andrea M.

مدخل إسم شخص

عدد التسجيلات المستخدمة في: 1

001 - رقم الضبط

  • حقل الضبط: 39258

003 - معرف رقم الضبط

  • حقل الضبط: OSt

005 - تاريخ ووقت أخر عملية

  • حقل الضبط: 20131103183656.0

008 - عناصر بيانات ثابتة الطول

  • حقل تحكم ثابت الطول: 131103|||a|||||| | ||| d

040 ## - مصدر الفهرسة

  • هيئة الفهرسة الأصلية: OSt
  • وكالة الكتابة: OSt

100 ## - مدخل -- أسم شخص

  • إسم شخص: Guillaume, Andrea M.

670 ## - بيانات المصدر موجوده

  • الاستشهاد بالمصدر: Work cat.: (OSt)0: Spencer, Brenda H. 39255, 35 strategies for developing content area vocabulary /, c2009.